Jeevan aur chanakya niti(जीवन और चाणक्य नीति) (Record no. 113909)
[ view plain ]
| 000 -LEADER | |
|---|---|
| fixed length control field | 00478 a2200157 4500 |
| 005 - DATE AND TIME OF LATEST TRANSACTION | |
| control field | 20260417112808.0 |
| 008 - FIXED-LENGTH DATA ELEMENTS--GENERAL INFORMATION | |
| fixed length control field | 260321b |||||||| |||| 00| 0 eng d |
| 020 ## - INTERNATIONAL STANDARD BOOK NUMBER | |
| International Standard Book Number | 9789381997048 |
| 080 ## - UNIVERSAL DECIMAL CLASSIFICATION NUMBER | |
| Universal Decimal Classification number | 17=H |
| Item number | PAT/J |
| 100 ## - MAIN ENTRY--PERSONAL NAME | |
| Personal name | Pathak,Hemendra |
| 245 ## - TITLE STATEMENT | |
| Title | Jeevan aur chanakya niti(जीवन और चाणक्य नीति) |
| 260 ## - PUBLICATION, DISTRIBUTION, ETC. (IMPRINT) | |
| Name of publisher, distributor, etc | Ananya prakashan. |
| Place of publication, distribution, etc | Delhi. |
| Date of publication, distribution, etc | 2021. |
| 300 ## - PHYSICAL DESCRIPTION | |
| Extent | 160p. |
| 653 ## - INDEX TERM--UNCONTROLLED | |
| Uncontrolled term | Ethics-Moral Philosophy-Chanakya’s principles |
| 942 ## - ADDED ENTRY ELEMENTS (KOHA) | |
| item type | Under processing |
| Lost status | Source of classification or shelving scheme | Not for loan | Home library | Current library | Shelving location | Date acquired | Cost, normal purchase price | Total Checkouts | Full call number | Barcode | Date last seen | Cost, replacement price | Price effective from | Koha item type |
|---|---|---|---|---|---|---|---|---|---|---|---|---|---|---|
| Universal Decimal Classification | Not For Loan | University Library | University Library | On Display | 13/11/2024 | 191.75 | 17=H PAT/J | 00096289 | 13/11/2024 | 295.00 | 13/11/2024 | Books |
